|
|
|
|
| LEADER |
00981nam a2200265 a 4500 |
| 001 |
146033 |
| 008 |
090709r20001999txu 001 0 eng d |
| 010 |
|
|
|a 98072577
|
| 020 |
|
|
|a 015505452X (pbk.)
|
| 020 |
|
|
|a 981406646X
|
| 040 |
|
|
|a DLC
|c DLC
|d DLC
|
| 082 |
0 |
0 |
|a 803
|2 21
|
| 100 |
1 |
|
|a Abrams, M. H.
|q (Meyer Howard),
|d 1912-
|
| 245 |
1 |
2 |
|a A glossary of literary terms /
|c M.H. Abrams.
|
| 250 |
|
|
|a 7th ed.
|
| 260 |
|
|
|a Fort Worth :
|b Harcourt Brace College Publishers,
|c c1999.[reprinted 2000]
|
| 300 |
|
|
|a ix, 366 p. ;
|c 24 cm.
|
| 504 |
|
|
|a Includes indexes.
|
| 541 |
1 |
|
|e 0008546
|
| 650 |
|
0 |
|a Criticism
|v Terminology.
|
| 650 |
|
0 |
|a Literature
|v Terminology.
|
| 650 |
|
0 |
|a English language
|v Terms and phrases.
|
| 852 |
4 |
|
|a Ayesha Abed Library
|j General Shelf.
|
| 999 |
|
|
|c 2191
|d 2191
|
| 952 |
|
|
|0 0
|1 0
|2 ddc
|4 0
|6 803_ABR
|7 0
|9 2018
|a BRACUL
|b BRACUL
|c GEN
|d 2009-07-09
|g 0.00
|l 17
|m 119
|o 803 ABR
|p 3010008546
|r 2025-12-14
|s 2025-11-21
|t 1
|w 2009-07-09
|y BK
|x No price found in the accession register.
|